| 000 | 00808cab a2200253 4500 | ||
|---|---|---|---|
| 001 | WB2939-27 | ||
| 008 | 090401t1993 xxu||||| |||| 00| 0 eng d | ||
| 035 | _a(Sirsi) u54059 | ||
| 041 | _aeng | ||
| 245 | _aHow to cut office energy costs | ||
| 260 | _c1993 | ||
| 350 | _a0 | ||
| 490 |
_aTimes _v20 October 1993, 33(2) |
||
| 520 | _aProcord, a top facilities management firm, has suggested in its quarterly index that there is scope for significant savings in the purchase and use of energy supplies. | ||
| 650 | _aENERGY COSTS | ||
| 650 | _aENERGY INDEXES | ||
| 650 |
_aFACILITIES MANAGEMENT _96240 |
||
| 650 | _aHEATING COSTS | ||
| 650 | _aOCCUPANCY COSTS | ||
| 650 | _aTIMES/PROCORD OFFICE COSTS INDEX | ||
| 690 | _aOFFICE SERVICES AND ADMINISTRATION | ||
| 942 | _n0 | ||
| 948 | _c04/03/1997 | ||
| 999 |
_c33157 _d33157 |
||